"Progressive materials in nuclear power engineering" French-Czech-Slovak Summer Seminar : 2015, September 21-25, - Kočovce

Podrobná bibliografia
Médium: Program E-kniha
Jazyk:angličtina
Fyzický popis:1 elektronický optický disk (DVD-ROM) fareb. 12 cm
Vydavateľské údaje: Bratislava Slovenská technická univerzita 2015
ISBN:9788022744676 (elektronická kniha)
Predmet:

MARC

LEADER 00000cam a2200000 a 4500
001 vtls011298734
003 SK-MaSNL
005 20260301220043.0
007 co cg muuua
008 160430s2015 xo | fs 100 0 eng
015 |a SNBS2017 
020 |a 9788022744676 (elektronická kniha) 
040 |a SNK  |b slo  |c SNK  |e AACR2 
041 0 |a eng 
044 |a xo  |c SK 
072 7 |a 621.039  |x Jadrová technika  |2 konspekt 
080 |a 621.039  |2 2011 
080 |a 621.039.5  |2 2011 
080 |a 620.2  |2 2011 
080 |a (0.034.44)  |2 2011 
080 |a (062.534)  |2 2011 
245 0 0 |a "Progressive materials in nuclear power engineering"  |h elektronický zdroj  |b French-Czech-Slovak Summer Seminar : 2015, September 21-25, - Kočovce 
246 3 4 |a Progressive materials in nuclear power engineering and under irradiation effects 
260 |a Bratislava  |b Slovenská technická univerzita  |c 2015 
300 |a 1 elektronický optický disk (DVD-ROM)  |b fareb.  |c 12 cm 
500 |a Názov z disku 
516 |a Textový dokument (zborník), súbory vo formáte pdf, pptx, doc, jpeg 
538 |a Technické požiadavky: PDF prehliadač, prezentačný softvér, textový editor, prehliadač obrázkov 
650 0 7 |a jadrová technika  |2 SNKPH  |9 67185 
650 0 7 |a materiály  |2 SNKPH  |9 1041 
650 0 7 |a jadrové reaktory  |2 SNKPH  |9 69454 
650 0 7 |a Nuclear engineering  |2 SNKPHeng  |9 333360 
650 0 7 |a Materials  |2 SNKPHeng  |9 266883 
650 0 7 |a Nuclear reactors  |2 SNKPHeng  |9 323664 
655 7 |a zborníky konferencií  |2 SNKPH  |9 70153 
655 7 |a DVD  |2 SNKPH  |9 70751 
655 7 |a elektronické zdroje  |2 SNKPH  |9 90954 
655 7 |a Proceedings of conferences  |2 SNKPHeng  |9 265791 
655 7 |a Electronic resources  |2 SNKPHeng  |9 175546 
852 |a Štátna vedecká knižnica v Banskej Bystrici 
919 |a 978-80-227-4467-6 
999 |c 930455  |d 932385 
952 |a SNK  |b SNK  |y PREZ  |7 0  |p 17A1179115  |o snkSCDM 8074  |i snk2016/3840  |8 0  |0 0  |1 0  |4 0  |d 2016-02-15  |l 0  |r 2026-02-24 08:46:34  |w 2026-02-24 
952 |t snkFRE 621.039  |a SNKMST  |b SNKMST  |y PREZ  |7 0  |p 17A1179116  |o snkSCDM 8074 D1  |i snk2016/3842  |8 0  |0 0  |1 0  |4 0  |d 2016-02-15  |l 0  |r 2025-08-12 00:00:00  |w 2026-02-24